000 01229nam0a22002891 4500
001 rc\4194537
005 20260406194339.0
021 _aRU
_b[49-22469]
035 _a(NLR Aleph) 008199362
090 _a8026801
_c8026801
100 _a20130415d1949 |||y0rusy50 ca
101 0 _arus
102 _aRU
105 _ay c |||||
200 1 _aПервенство русских в технике
_eКраткий рекоменд. указатель литературы
_fГрозн. обл. б-ка им. А.П. Чехова
210 _a[Грозный]
_cтип. им. 11-го авг. 1918 г.
_d[1949]
215 _a12 с.
_d20
300 _aВ конце текста сост.: А.П. Тутушкин
606 _aТехника в России
_jБиблиография
_2psbo
606 _aПриоритет русских и советских ученых в технике
_jБиблиография
_2psbo
700 1 _aТутушкин
_bА.П.
_4220
712 0 2 _aЧечено-Ингушская респ. б-ка им. А.П.Чехова
_cГрозный
_3RU\NLR\AUTH\889957410
_9410924
801 0 _aRU
_bNLR
_gpsbo
801 1 _aRU
_bELAR
_2rusmarc
852 _aNLR
_jС301-420/Т-91
942 _cBOOK
980 _aNB